000 00582nam a2200181Ia 4500
008 090124s9999 xx 000 0 und d
082 _b29933
100 _aराजे नयना
245 _a" मा जिंकले, मी हरले"
250 _a1
260 _bनवचैतन्य प्रकाशन
_c1991
300 _a164
600 _aराजे नयना
630 _a" मा जिंकले, मी हरले"
700 _aराजे नयना
730 _a" मा जिंकले, मी हरले"
942 _cBOOK
999 _c95064
_d95064